000
00218nam a2200097Ia 4500
008
191206s9999 xx 000 0 und d
090
_a
PS3525.I5156C7334
245
0
_a
Crucible
260
_a
Bantam Books
260
_c
c1959
999
_c
15759
_d
15759